[Event "Bottom-Half Class Top Section"]
[Site "Farmington Hills, MI"]
[Date "2001.06.10"]
[Round "5.2"]
[White "O'Donnell, Robert"]
[Black "Gabbara, Faris"]
[Result "1-0"]
[WhiteElo "2180"]
[BlackElo "2068"]
[Annotator "Bob Ciaffone"]
[PlyCount "37"]
[EventDate "2001.06.08"]

{Caption: "The Classical target f7" Opening: Queens Gambit Accepted. Diagram
after white's 19th. Blurb; "Black sees a check, gives a check--and gets rolled
because the check helped white's development. And the target of white from the
start is the most classical one in the game, the square f7."} 1. d4 d5 2. c4
dxc4 3. e4 {This natural move was played a lot in the 19th century, not so
popular for a long time, but back in the limelight in this era of aggressive
chess lines.} e5 {One of several reasonable defenses.} 4. Nf3 exd4 5. Bxc4 {
Considered best.} Bb4+ $2 {looks like a serious error, leaving the kingside
weak and accelerating white's development. Not all checks are good moves.} 6.
Bd2 Bxd2+ 7. Nbxd2 Ne7 8. Ng5 $1 {White goes for the classical weak spot, f7.}
Be6 {Bad, of course, but 7...0-0 8.Qh5 is more than black can stomach.} 9. Bxe6
fxe6 10. Nxe6 Qd6 11. Qb3 Kd7 12. Nxg7 Nbc6 13. Qh3+ Kd8 14. Ne6+ Ke8 15. O-O
Kf7 {Being down a pawn is bad enough, but having your king on the wrong side
of the moat is really serious.} 16. Ng5+ Kg6 $2 {Hey, the castle is back the
other way, Mr. King.} 17. f4 Raf8 18. Qg3 Kh6 19. Nf7+ {Mate follows} 1-0

[Event "Bottom-Half Class U1900"]
[Site "Farmington Hills, MI"]
[Date "2001.06.10"]
[Round "5.9"]
[White "Manion, Tom"]
[Black "West, Tony"]
[Result "1-0"]
[WhiteElo "1830"]
[BlackElo "1740"]
[PlyCount "133"]
[EventDate "2001.06.09"]

1. Nf3 d5 2. e3 Nf6 3. b3 g6 4. Bb2 Bg7 5. c4 e6 6. Be2 O-O 7. O-O c5 8. d4
cxd4 9. Nxd4 Nc6 10. Nd2 Nxd4 11. Bxd4 dxc4 12. Nxc4 Nd5 13. Bxg7 Kxg7 14. Qc2
Bd7 15. Rfd1 Qe7 16. Bf3 Bc6 17. Qb2+ Kg8 18. Ne5 Qf6 19. Qd4 Bb5 20. a4 Ba6
21. Bxd5 exd5 22. Nd7 Qxd4 23. Rxd4 Rfd8 24. Nc5 Rd6 25. b4 Bc4 26. Rc1 Rb6 27.
b5 Rc8 28. Nd7 Re6 29. e4 Rce8 30. f3 Rd6 31. Nc5 b6 32. Na6 Red8 33. Nb4 Bb3
34. Nc6 R8d7 35. Rc3 Ba2 36. Rd2 Bc4 37. e5 Rxc6 38. bxc6 Rc7 39. Kf2 Rxc6 40.
Ke3 Rc5 41. Kd4 Ra5 42. Ra3 Kf8 43. Rb2 Ke7 44. Rb4 Ke6 45. g4 b5 46. f4 Be2
47. h3 Bd1 48. Rxb5 Rxa4+ 49. Rxa4 Bxa4 50. Rxd5 h5 51. Rd6+ Ke7 52. Ra6 Bd1
53. Rxa7+ Ke6 54. Ra6+ Ke7 55. gxh5 Bxh5 56. Ke4 Bd1 57. Rc6 Ba4 58. Rc4 Bb3
59. Rc7+ Ke6 60. Rc6+ Ke7 61. f5 gxf5+ 62. Kxf5 Kf8 63. Kf6 Kg8 64. Rc8+ Kh7
65. Rf8 Be6 66. Rxf7+ Bxf7 67. Kxf7 1-0

[Event "Bottom-Half Class U1900"]
[Site "Farmington Hills, MI"]
[Date "2001.06.10"]
[Round "4.12"]
[White "Manion, Tom"]
[Black "Marshall, Larry"]
[Result "1-0"]
[WhiteElo "1830"]
[BlackElo "1873"]
[PlyCount "48"]
[EventDate "2001.06.09"]

1. e4 e6 2. d3 d5 3. Nd2 Nf6 4. e5 Nfd7 5. f4 c5 6. Ngf3 Nc6 7. g3 Be7 8. Bg2
O-O 9. O-O f6 10. exf6 Nxf6 11. c3 Qb6 12. Re1 Bd7 13. Ng5 e5 14. fxe5 Ng4 15.
Bxd5+ Kh8 16. Ndf3 Bxg5 17. Bxg5 Qxb2 18. Qd2 Qxd2 19. Bxd2 Bf5 20. Bxc6 bxc6
21. d4 Bd3 22. Bf4 Rab8 23. Rad1 c4 24. Rd2 h6 {Cannot make out rest of game.}
1-0

[Event "Bottom-Half Class U1700"]
[Site "Farmington Hills, MI"]
[Date "2001.06.10"]
[Round "5.17"]
[White "Loo, James"]
[Black "Raban, David"]
[Result "1-0"]
[WhiteElo "1509"]
[BlackElo "1636"]
[Annotator "Bob Ciaffone"]
[PlyCount "45"]
[EventDate "2001.06.09"]

{caption; "Noah's Ark" Diagram after white's seventh move with the caption,
"What should black play?" Blurb; "One of the oldest traps in chess is "Noah's
Ark," where a bishop in front of a knight-pawn gets trapped by a line of enemy
pawns. In this game black steps right into it." Opening: English 1...e5.} 1. c4
Nc6 2. g3 e5 3. Bg2 f5 4. Nc3 Nf6 5. e3 Bc5 6. Nge2 O-O 7. a3 Bb6 {Black gives
up space and makes the bishop vulnerable later on. He should have played 7...
a5 to protect the bishop's position and stop white from expanding on the
queenside.} 8. Na4 Kh8 $4 {Once again, a pawn move was required to stop
white's pawns from harassing the Bb6. Necessary was 10...d6, a move so natural
that black should have made it even if he overlooked white's threat.} 9. c5 {
Adios to the Bb6, trapped by white's pawns. The rest of the game requires no
comment.} Ba5 10. b4 Bxb4 11. axb4 Nxb4 12. Qb3 Nc6 13. O-O Qe7 14. Bb2 d6 15.
cxd6 cxd6 16. Rfc1 Be6 17. Qd1 Qd7 18. d4 e4 19. Nf4 g5 20. Nxe6 Qxe6 21. d5
Ne5 22. dxe6 Nf3+ 23. Bxf3 1-0

[Event "Bottom-Half Class U1900"]
[Site "Farmington Hills, MI"]
[Date "2001.06.10"]
[Round "4.6"]
[White "Jendras, Gerard"]
[Black "Mayhew, Matt"]
[Result "0-1"]
[WhiteElo "1836"]
[BlackElo "1725"]
[PlyCount "56"]
[EventDate "2001.06.09"]

1. e4 e6 2. d4 d5 3. Nd2 Nf6 4. e5 Nfd7 5. Bd3 c5 6. c3 Nc6 7. Ne2 Qb6 8. Nf3
cxd4 9. cxd4 Be7 10. O-O O-O 11. Re1 f6 12. exf6 Nxf6 13. Nf4 Nd8 14. Qe2 Bb4
15. Bd2 Bd7 16. Rac1 Bd6 17. Rc2 Ne4 18. Nh5 Nxd2 19. Qxd2 h6 20. Ne5 Be8 21.
Ng4 Bxh5 22. Nxh6+ Kh8 23. Qg5 Qxd4 24. Qxh5 Qxd3 25. Re3 Qxc2 26. Nf5+ Kg8 27.
Nh6+ gxh6 28. f4 Bc5 0-1

[Event "Bottom-Half Class U1300"]
[Site "Farmington Hills, MI"]
[Date "2001.06.10"]
[Round "5"]
[White "Hossein, Hossam"]
[Black "Derderian, Lance"]
[Result "0-1"]
[WhiteElo "873"]
[BlackElo "726"]
[PlyCount "80"]
[EventDate "2001.06.09"]

1. d4 d5 2. Nc3 Nf6 3. f3 c5 4. e4 cxd4 5. Nxd5 Nxd5 6. exd5 Qxd5 7. c4 Qd6 8.
Bd3 e5 9. Qc2 Nc6 10. a3 a5 11. c5 Qxc5 12. Qxc5 Bxc5 13. Bb5 O-O 14. Ne2 Bf5
15. Ng3 Bc2 16. O-O Na7 17. Bc4 b5 18. Bd5 Rad8 19. Be4 d3+ 20. Kh1 Nc8 21. Bd2
b4 22. Bf5 Nd6 23. Rae1 Nc4 24. Ne4 Nxd2 25. Nxd2 Bd4 26. Nc4 Rd5 27. f4 Re8
28. Rf3 Rc5 29. Nd6 d2 30. Bxh7+ Bxh7 31. Rd1 Bxb2 32. Nxe8 Rc1 33. Rff1 Bc2
34. Rxc1 dxc1=Q 35. Rxc1 Bxc1 36. axb4 a4 37. f5 a3 38. f6 a2 39. h3 a1=Q 40.
b5 Bf4# 0-1

[Event "Bottom-Half Class U1500"]
[Site "Farmington Hills, MI"]
[Date "2001.06.10"]
[Round "5.21"]
[White "Hollinsworth, Galon"]
[Black "Van Ryn, Larry"]
[Result "0-1"]
[WhiteElo "1430"]
[BlackElo "1345"]
[PlyCount "70"]
[EventDate "2001.06.09"]

1. e4 e6 2. d4 d5 3. Nd2 c5 4. exd5 exd5 5. dxc5 Bxc5 6. Nb3 Bb6 7. Nf3 Bg4 8.
Be2 Nf6 9. O-O O-O 10. Bg5 Qd6 11. c4 Nbd7 12. c5 Nxc5 13. Nxc5 Bxc5 14. Qa4
Ne4 15. Rad1 Nxg5 16. Qxg4 Ne4 17. Bc4 Nxf2 18. Rxf2 Bxf2+ 19. Kxf2 Qc5+ 20.
Qd4 Qxd4+ 21. Rxd4 dxc4 22. Rxc4 Rac8 23. Rb4 Rc7 24. Nd4 Rd8 25. Ke3 Re7+ 26.
Kf4 a5 27. Ra4 Rd5 28. Rc4 g5+ 29. Kf3 Kg7 30. g4 b5 31. Nc6 bxc4 32. Nxe7 Rd2
33. Nf5+ Kf6 34. b4 axb4 35. Ne3 c3 {White Resigns} 0-1

[Event "Bottom-Half Class U1500"]
[Site "Farmington Hills, MI"]
[Date "2001.06.10"]
[Round "4.22"]
[White "Holden, Anthony"]
[Black "Saylor, Oliver"]
[Result "1-0"]
[WhiteElo "1479"]
[BlackElo "1348"]
[PlyCount "78"]
[EventDate "2001.06.09"]

1. d4 d5 2. e3 Nf6 3. Bd3 g6 4. Nd2 Bg7 5. Ne2 O-O 6. h4 h5 7. Nf4 Nc6 8. Nxg6
fxg6 9. Bxg6 Bf5 10. Bxf5 e5 11. Bg6 exd4 12. Bxh5 Nxh5 13. Qxh5 dxe3 14. fxe3
Nb4 15. Qd1 Qf6 16. Nf3 Qg6 17. O-O Qxc2 18. Qxc2 Nxc2 19. Rb1 Rae8 20. Kf2 d4
21. exd4 Bxd4+ 22. Kg3 Ne3 23. Bxe3 Bxe3 24. Rbd1 Re7 25. Kh3 Rg7 26. Rd3 Bc5
27. Rfd1 Bd6 28. g4 Rf4 29. g5 Re7 30. R1d2 Ree4 31. Rg2 Rc4 32. h5 Rc1 33. h6
Rh1+ 34. Nh2 Kh7 35. g6+ Kxh6 36. g7 Rxh2+ 37. Kxh2 Rg4+ 38. Rxd6+ Kxg7 39.
Rxg4+ Kf7 1-0

[Event "Bottom-Half Class U1900"]
[Site "Farmington Hills, MI"]
[Date "2001.06.10"]
[Round "4.7"]
[White "Ho, Randy"]
[Black "Nikolovski, Oliver"]
[Result "1/2-1/2"]
[WhiteElo "1847"]
[BlackElo "1876"]
[PlyCount "83"]
[EventDate "2001.06.09"]

1. e4 e6 2. d4 d5 3. e5 c5 4. c3 Nc6 5. Nf3 Bd7 6. Be2 Qb6 7. O-O cxd4 8. cxd4
Nge7 9. b3 Nf5 10. Be3 Rc8 11. a3 a5 12. g4 Nxe3 13. fxe3 Be7 14. Qd3 Na7 15.
Qd1 Bb5 16. Ra2 O-O 17. Bd3 Bxd3 18. Qxd3 Qb5 19. Ne1 Qxd3 20. Nxd3 Nb5 21. b4
b6 22. Rb2 axb4 23. axb4 Nc3 24. Nd2 Ra8 25. Kg2 Rfc8 26. Rc1 h6 27. Rbc2 Ra3
28. Nb1 Nxb1 29. Rxc8+ Kh7 30. Rxb1 Rxd3 31. Kf3 Bg5 32. Re1 Rb3 33. Re2 Rxb4
34. Rc3 Rb1 35. Rcc2 Kg6 36. Rb2 Ra1 37. Rxb6 Ra3 38. Rb1 h5 39. Rg1 h4 40. Rb1
Rd3 41. h3 Bh6 42. Kf2 {Draw Agreed} 1/2-1/2

[Event "Bottom-Half Class U1700"]
[Site "Farmington Hills, MI"]
[Date "2001.06.10"]
[Round "4.16"]
[White "Haygood, Norman"]
[Black "Bolda, Dan G"]
[Result "1-0"]
[WhiteElo "1532"]
[BlackElo "1634"]
[Annotator "Bob Ciaffone"]
[PlyCount "63"]
[EventDate "2001.06.09"]

{Caption; Weak Light Squares. Diagram after Black move 17 with caption "What
can white do here?" Diagram after Black move 29. Opening: French Advance.
blurb: "Black overlooks a tactical shot that weakens his king position. The
rest is a demonstration of attacking power in a bishops of opposite color
position with queens still on the board."} 1. e4 e6 2. d4 d5 3. e5 {This move
characterizes the Advanced Variation of the French Defense.} c5 4. c3 Ne7 {
Unusual. Black is going to transpose to the Steinitz Variation, instead of the
thematic movement of his queen-knight to c6.} 5. Nf3 Nec6 6. Be2 Nd7 7. O-O Be7
8. Be3 O-O 9. Nbd2 cxd4 10. cxd4 {Both sides have completed development in a
sensible manner.} f6 11. exf6 Nxf6 12. h3 Bd6 13. a3 Bd7 14. Bd3 Rc8 15. Rc1
Bb8 16. b4 a6 17. Rc3 Nh5 $2 {This lemon walks into a tactical shot. Black
should play 17...Ne5 18.Rxc8 Nxf3 19.Qxf3 Bxc8 20.Qe2 Qd6 with equality at
least.} 18. Bxh7+ $1 {Alert play by white.} Kh8 19. Bg6 {Better looks 19.Bb1,
since the black knight wants to move anyway.} Nf4 20. Bxf4 Bxf4 21. Ne5 Nxe5
22. Rxc8 Bxc8 23. dxe5 Bd7 $2 {Better was 20...Qg5 21.Nf3 Qh6 and black is
still fighting.} 24. Qh5+ Bh6 25. Nf3 Bb5 26. Rc1 $6 {White should play Re1 so
his pawns do not get busted up.} Be2 27. Rc2 Bxf3 28. gxf3 Rf4 $2 {Black
fatally weakens his back rank.} 29. Bd3 Rh4 $2 {This may be the most common
form of error by intermediate-level players. black chases a piece where it
wanted to go. If you want to improve your chess, you must see how your
opponent will counter before you make a threat.} 30. Qg6 Qg5+ $4 {Now the back
rank has no defender. Black could have played 30...Kg8 to avoid the mate, but
this loses the lady to Qxe6+ and Rc8.} 31. Qxg5 Bxg5 32. Rc8+ {Black Resigns}
1-0

[Event "Bottom-Half Class U1500"]
[Site "Farmington Hills, MI"]
[Date "2001.06.10"]
[Round "4.24"]
[White "Guilfoyle, Jeff"]
[Black "Kahn, Aaron"]
[Result "1/2-1/2"]
[WhiteElo "1390"]
[BlackElo "1317"]
[PlyCount "44"]
[EventDate "2001.06.09"]

1. d4 e6 2. c4 Nf6 3. Nc3 Bb4 4. Bd2 b6 5. e3 Bb7 6. a3 Bxc3 7. Bxc3 O-O 8. f3
d5 9. Bd3 Nbd7 10. Ne2 c5 11. O-O Ba6 12. b3 Qc7 13. Rc1 Rac8 14. Bb2 Qb8 15.
Ng3 b5 16. Qe2 bxc4 17. bxc4 Qb3 18. Rc3 Qa4 19. Rfc1 cxd4 20. exd4 dxc4 21.
Bxc4 Bxc4 22. Rxc4 Rxc4 {Draw Agreed} 1/2-1/2

[Event "Bottom-Half Class U1700"]
[Site "Farmington Hills, MI"]
[Date "2001.06.10"]
[Round "4"]
[White "Griffin, John"]
[Black "Loo, James"]
[Result "1/2-1/2"]
[WhiteElo "1592"]
[BlackElo "1509"]
[PlyCount "147"]
[EventDate "2001.06.09"]

1. d4 Nf6 2. c4 e6 3. Nf3 c5 4. d5 d6 5. Nc3 Be7 6. e4 exd5 7. exd5 Bg4 8. h3
Bh5 9. Be2 Nfd7 10. O-O O-O 11. Bf4 Qb6 12. Qb3 a6 13. Qxb6 Nxb6 14. Nd2 Bg6
15. Rfe1 Rd8 16. Bf1 Bf8 17. Nde4 f5 18. Ng5 Bf7 19. Nxf7 Kxf7 20. Re3 N8d7 21.
Rae1 h6 22. b3 Nf6 23. Bd3 g6 24. f3 Re8 25. Kf2 Rxe3 26. Rxe3 Re8 27. g4 Rxe3
28. Bxe3 fxg4 29. hxg4 Nbd7 30. g5 hxg5 31. Bxg5 Ne5 32. Bf1 Nh7 33. Bf4 Bg7
34. Ne4 Ke7 35. Ke2 b6 36. Ng5 Nf8 37. Bh3 Bh6 38. Ne6 Bxf4 39. Nxf4 g5 40. Nd3
Kf6 41. a3 Nxd3 42. Kxd3 Ke5 43. b4 Ng6 44. Ke3 Nh4 45. Bf1 Nf5+ 46. Kf2 Kf4
47. Bd3 Nd4 48. bxc5 bxc5 49. Be2 a5 50. a4 Nc2 51. Bd1 Ne3 52. Be2 Nf5 53. Bd3
Nh4 54. Be2 Ng6 55. Bd3 Ne5 56. Be2 Nd7 57. Bd1 Nb6 58. Bb3 g4 59. fxg4 Kxg4
60. Ke3 Kf5 61. Bc2+ Ke5 62. Bb3 Nc8 63. Bc2 Ne7 64. Be4 Ng8 65. Bg2 Nf6 66.
Bf3 Nh7 67. Bd1 Ng5 68. Bc2 Nh3 69. Bd1 Nf4 70. Bf3 Nh3 71. Bd1 Ng5 72. Bc2 Nf7
73. Bd1 Nd8 74. Bh5 1/2-1/2

[Event "Bottom-Half Class U1300"]
[Site "Farmington Hills, MI"]
[Date "2001.06.10"]
[Round "4.29"]
[White "Gregg, Ted"]
[Black "Sobh, Tarek"]
[Result "1-0"]
[WhiteElo "1182"]
[BlackElo "1240"]
[PlyCount "63"]
[EventDate "2001.06.09"]

1. f4 e6 2. Nf3 d5 3. e3 Nf6 4. b3 a6 5. Bb2 Nc6 6. Be2 Ne7 7. Ne5 Nf5 8. O-O
Ne4 9. Bh5 Rg8 10. Bxf7+ Ke7 11. Bxg8 Nf6 12. Bxh7 Nxh7 13. Ng6+ Kf7 14. Qh5
Nf6 15. Ne5+ Ke7 16. Qf7+ Kd6 17. Ba3+ c5 18. Qg6 Bd7 19. Nf7+ Kc7 20. Nxd8
Rxd8 21. Bb2 Be8 22. Qg5 Ne4 23. Be5+ Kc8 24. Qg4 c4 25. bxc4 dxc4 26. Qe2 Bb5
27. Rd1 Be7 28. d3 cxd3 29. cxd3 Nc5 30. Bd4 Nxd4 31. exd4 Rxd4 32. Rc1 {Could
figure out remainder of game.} 1-0

[Event "Bottom-Half Class Top Section"]
[Site "Farmington Hills, MI"]
[Date "2001.06.10"]
[Round "4.3"]
[White "Gabbara, Faris"]
[Black "Finegold, Ron"]
[Result "1-0"]
[WhiteElo "2068"]
[BlackElo "2049"]
[PlyCount "120"]
[EventDate "2001.06.08"]

1. d4 d5 2. c4 Bf5 3. Nc3 Nf6 4. Qb3 Nbd7 5. cxd5 e6 6. e4 Nxe4 7. Nxe4 Bxe4 8.
dxe6 fxe6 9. Qxe6+ Qe7 10. Qxe7+ Bxe7 11. f3 Bg6 12. Bc4 O-O-O 13. Be3 Kb8 14.
Ne2 Nb6 15. Bb3 Nd5 16. Bxd5 Rxd5 17. Nf4 Rd7 18. Nxg6 hxg6 19. O-O-O Bf6 20.
Rd3 Rd5 21. Kc2 g5 22. h3 Kc8 23. Rhd1 Rhd8 24. a3 R8d6 25. b4 a6 26. Rc3 b6
27. Rc4 Kd7 28. Rd3 c6 29. a4 g6 30. Bf2 Re6 31. Kd2 Be7 32. Rb3 Bf8 33. Be3
Be7 34. Rb2 b5 35. axb5 axb5 36. Rc3 Bf6 37. Rd3 Ke8 38. Ra2 Red6 39. Ra8+ Kf7
40. Ra7+ Rd7 41. Rxd7+ Rxd7 42. Kc2 Ra7 43. Bc1 Be7 44. Kb3 Ke6 45. Re3+ Kd7
46. Bb2 Bd6 47. Re4 Ra4 48. Bc3 Be7 49. Rg4 Ra8 50. h4 gxh4 51. Rxg6 Rf8 52.
Bd2 h3 53. f4 hxg2 54. Rxg2 Bd6 55. Rf2 Ke6 56. Kc3 Rf5 57. Kd3 Kd5 58. Rf1 Be7
59. Rg1 Rh5 60. Rg3 Bf6 {End of Scoresheet} 1-0

[Event "Bottom-Half Class Top Section"]
[Site "Farmington Hills, MI"]
[Date "2001.06.10"]
[Round "4.1"]
[White "Finegold, Ben"]
[Black "Ward, Tom"]
[Result "1-0"]
[WhiteElo "2623"]
[BlackElo "2215"]
[Annotator "Ben Finegold"]
[PlyCount "61"]
[EventDate "2001.06.08"]

{Intro by Bob Ciaffone: This was Finegold's only game against a Master in this
tournament. It was typical Finegold: A slightly unusual opening line, a blaze
of tactics, and skillful exploitation of a mistake.} 1. d4 Nf6 2. c4 e6 3. Nc3
Bb4 4. Bg5 {Bob Ciaffone : This move characterizes the Leningrad Variation of
the Nimzo. It is not used very often by white, but there certainly is no
refutation. Its leading practicioner has been the ex-World Champion Boris
Spassky, and is often played by GM Alex Yermolinsky. Closer to the home front,
it is the main anti-Nimzo weapon of Michigan's FIDE Master Fred Lindsay, who
used it to draw Victor Korchnoi in the ninties. Lindsay has played it several
times against Ben, who is certainly familiar with a lot of the ideas by now.} (
{Instead of my usual} 4. Qc2 {I prepared to play this variation the night
before, so got to try it out quite quickly!}) 4... h6 5. Bh4 c5 6. d5 Bxc3+ 7.
bxc3 d6 8. e3 e5 {The night before, I had looked at both 9.Bd3, 10. Ne2 and 9.
Nf3, 10.Nd2, 11.Bd3, but could not decide which plan was best. At the board, I
chose the latter.} 9. Nf3 Nbd7 10. Nd2 Qe7 11. Bd3 O-O {Normally b lack plays
Nf8-g6 or Kd8. Here, Ward plays 0-0 and g5, possibly not a good mix.} 12. O-O (
{Previously, white has played} 12. f3 {to give the bishop a square on f2, but
I thought g3 was safe enough, and I wanted to play f4 in one move.}) 12... g5
13. Bg3 Ne8 14. Qh5 ({If I play} 14. e4 {right away, then black can threaten
f5 once again with} Ng7 {So, I figured this forced Kg7, then I could play e4.
Ward now makes what I consider the losing move, as white get a long lasting
attack for almost no compensation, and black is soon crushed. After 14...Kg7
15.e4 Kh7 and Ng7, black is okay. DIAGRAM What should Black play?}) 14... Qf6
$2 15. f4 $1 exf4 16. exf4 Qxc3 17. Qe2 $1 {This simple defensive move stops
all of black's play, and now he has to worry about his king-side the rest of
the game.} Ndf6 18. fxg5 hxg5 19. Kh1 $1 ({I wanted to play} 19. Qe3 {but
black has the pinning} Qd4 {Now, white is already threatening to win, and the
white monarch is clearly safer on h1 in any case.}) 19... Ng4 20. Ne4 Qd4 21.
Nxd6 Bd7 22. Bf5 $1 Nxd6 23. Bxd6 Ne3 24. Bxd7 Rfd8 $1 {This makes the task
difficult, but fortunately, with the aid of some sacrificing, white is still
winning. DIAGRAM White to play and win.} 25. Be7 $1 Nxf1 26. Rxf1 Rxd7 27. Bf6
Qh4 28. Rf5 Qh7 29. Rxg5+ Kf8 30. Bg7+ Kg8 31. Bd4+ {A nice attacking game.}
1-0

[Event "Bottom-Half Class U1700"]
[Site "Farmington Hills, MI"]
[Date "2001.06.10"]
[Round "5.15"]
[White "Farmand, Farnood"]
[Black "Ceterski, Ken"]
[Result "1/2-1/2"]
[WhiteElo "1658"]
[BlackElo "1628"]
[PlyCount "72"]
[EventDate "2001.06.09"]

1. e4 c5 2. Nf3 Nc6 3. d4 cxd4 4. Nxd4 g6 5. Be3 Bg7 6. Nc3 Nf6 7. Be2 O-O 8.
Qd2 d5 9. exd5 Nxd5 10. Nxd5 Qxd5 11. Nxc6 Qxc6 12. Bf3 Qc7 13. c3 Rd8 14. Qc2
Be6 15. O-O Bd5 16. Bxd5 Rxd5 17. Rfd1 Rxd1+ 18. Rxd1 h5 19. Qd3 b6 20. h3 e6
21. Qd7 Be5 22. Bh6 Rc8 23. Bc1 Qxd7 24. Rxd7 Rc7 25. Rd8+ Kg7 26. Kf1 Bf6 27.
Rd3 Kf8 28. Be3 Ke8 29. Ke2 Rd7 30. b3 Rxd3 31. Kxd3 Kd7 32. c4 Kc6 33. a3 Bb2
34. a4 a5 35. Bh6 Be5 36. g4 hxg4 {Draw Agreed} 1/2-1/2

[Event "Bottom-Half Class U1900"]
[Site "Farmington Hills, MI"]
[Date "2001.06.10"]
[Round "5.7"]
[White "Drake, Robert"]
[Black "Ho, Randy"]
[Result "1/2-1/2"]
[WhiteElo "1859"]
[BlackElo "1847"]
[PlyCount "61"]
[EventDate "2001.06.09"]

1. Nf3 d6 2. e4 c5 3. d3 Nc6 4. Nbd2 g6 5. g3 Bg7 6. Bg2 e6 7. O-O Nge7 8. c3
O-O 9. Qc2 Rb8 10. Re1 b5 11. Nf1 b4 12. Bf4 h6 13. h4 Ba6 14. Rad1 Qc7 15. c4
Ne5 16. Nxe5 dxe5 17. Be3 Rbd8 18. Nd2 Qb6 19. f3 Nc6 20. Nb3 Nd4 21. Nxd4 exd4
22. Bf2 Rb8 23. Qe2 e5 24. Bh3 h5 25. Kg2 Bh6 26. Rh1 Kh7 27. Be1 f6 28. Bd2
Bxd2 29. Qxd2 Bc8 30. Rdf1 Bxh3+ 31. Rxh3 {Draw Agreed} 1/2-1/2

[Event "Bottom-Half Class U1300"]
[Site "Farmington Hills, MI"]
[Date "2001.06.10"]
[Round "4.30"]
[White "Damask, Ted"]
[Black "Bale, Shawn"]
[Result "0-1"]
[WhiteElo "1103"]
[BlackElo "1202"]
[PlyCount "72"]
[EventDate "2001.06.09"]

1. e4 c5 2. Nf3 d6 3. d4 cxd4 4. Nxd4 Nf6 5. Nc3 a6 6. Bg5 e6 7. Nf3 Qc7 8. Nd2
Nbd7 9. Bc4 b5 10. Bb3 Nc5 11. a4 b4 12. Bxf6 gxf6 13. Ne2 Bb7 14. Ng3 Nxb3 15.
cxb3 Rc8 16. Rc1 Qxc1 17. O-O Qxd1 18. Rxd1 d5 19. Ngf1 dxe4 20. Nc4 Bc5 21.
Nfe3 Bxe3 22. Nd6+ Ke7 23. fxe3 Rc7 24. Nc4 Bd5 25. Rd4 Bxc4 26. bxc4 b3 27.
Rxe4 Rhc8 28. c5 Rxc5 29. Rb4 Rc1+ 30. Kf2 R8c2+ 31. Kf3 Rxb2 32. Ke4 f5+ 33.
Kd3 Rcc2 34. Rxb3 Rxb3+ 35. Kxc2 Rxe3 36. g3 Kd6 {White Resigns} 0-1

[Event "Bottom-Half Class U1700"]
[Site "Farmington Hills, MI"]
[Date "2001.06.10"]
[Round "5.14"]
[White "Coulombe, Terry"]
[Black "Haygood, Norman"]
[Result "1-0"]
[WhiteElo "1582"]
[BlackElo "1532"]
[PlyCount "139"]
[EventDate "2001.06.09"]

1. d4 c6 2. Nf3 d5 3. c3 Nd7 4. Bf4 Nb6 5. Nbd2 Bf5 6. Nh4 Bd7 7. Bg3 Nf6 8. e3
Bg4 9. Qc2 e6 10. h3 Bh5 11. Bd3 Bd6 12. f4 g5 13. Nhf3 gxf4 14. Bxf4 Bxf4 15.
exf4 Qe7 16. g4 Bg6 17. O-O-O Bxd3 18. Qxd3 O-O-O 19. g5 Nh5 20. f5 exf5 21.
Qxf5+ Qd7 22. Qxd7+ Nxd7 23. Nh4 Ng3 24. Rh2 Rde8 25. Rf2 Re7 26. Rf3 Ne4 27.
Nf5 Re6 28. Nxe4 dxe4 29. Re3 f6 30. Rxe4 Rxe4 31. Nd6+ Kc7 32. Nxe4 Re8 33.
Nxf6 Nxf6 34. gxf6 Rf8 35. Re1 Rxf6 36. Re7+ Kb6 37. Rxh7 a5 38. a4 Ka6 39. h4
b5 40. axb5+ Kxb5 41. Kb1 Kc4 42. Ka2 Rf1 43. h5 a4 44. Ra7 Kb5 45. h6 Rh1 46.
h7 Kb6 47. Rg7 Kb5 48. b3 Rh2+ 49. Ka3 axb3 50. Kxb3 Rh3 51. Rd7 c5 52. d5 c4+
53. Kc2 Rh2+ 54. Kd1 Kc5 55. Ke1 Kb5 56. Kf1 Ka4 57. Kg1 Rh5 58. Rb7 Ka5 59.
Kg2 Ka6 60. Re7 Kb6 61. Kg3 Kc5 62. Rd7 Kb5 63. Kg4 Rh1 64. Kg5 Ka4 65. Rb7 Ka5
66. Kg6 Ka6 67. Rd7 Rg1+ 68. Kf7 Rh1 69. Kg8 Rg1+ 70. Rg7 1-0